<?xml version="1.0" encoding="UTF-8"?>
<record
    xmlns:xsi="http://www.w3.org/2001/XMLSchema-instance"
    xsi:schemaLocation="http://www.loc.gov/MARC21/slim http://www.loc.gov/standards/marcxml/schema/MARC21slim.xsd"
    xmlns="http://www.loc.gov/MARC21/slim">

  <leader>00312nam a2200109Ia 4500</leader>
  <datafield tag="999" ind1=" " ind2=" ">
    <subfield code="c">4315</subfield>
    <subfield code="d">4315</subfield>
  </datafield>
  <controlfield tag="003">yeezen</controlfield>
  <controlfield tag="005">20201026153838.0</controlfield>
  <controlfield tag="008">180213s9999||||xx |||||||||||||| ||und||</controlfield>
  <datafield tag="020" ind1=" " ind2=" ">
    <subfield code="c">NT310</subfield>
    <subfield code="a">978-986-398-236-4</subfield>
  </datafield>
  <datafield tag="100" ind1=" " ind2=" ">
    <subfield code="a">&#x8A31;&#x66F8;&#x63DA;</subfield>
  </datafield>
  <datafield tag="245" ind1=" " ind2="0">
    <subfield code="c">&#x8A31;&#x66F8;&#x694A;</subfield>
    <subfield code="a">&#x4EBA;&#x624D;&#x7BA1;&#x7406;&#x8056;&#x7D93;&#xFF1A;&#x5411;&#x8CA1;&#x661F;&#x4E94;&#x767E;&#x5927;&#x5B78;&#x7FD2;&#x6700;&#x4F73;&#x5BE6;&#x52D9;</subfield>
  </datafield>
  <datafield tag="250" ind1=" " ind2=" ">
    <subfield code="a">&#x4E00;&#x7248;</subfield>
  </datafield>
  <datafield tag="260" ind1=" " ind2=" ">
    <subfield code="c">2017</subfield>
    <subfield code="a">&#x53F0;&#x5317;&#x5E02;</subfield>
  </datafield>
  <datafield tag="942" ind1=" " ind2=" ">
    <subfield code="2">ccl</subfield>
    <subfield code="c">BOOK</subfield>
  </datafield>
  <datafield tag="952" ind1=" " ind2=" ">
    <subfield code="0">0</subfield>
    <subfield code="1">0</subfield>
    <subfield code="4">0</subfield>
    <subfield code="7">0</subfield>
    <subfield code="a">yeezen</subfield>
    <subfield code="b">yeezen</subfield>
    <subfield code="d">2018-02-13</subfield>
    <subfield code="l">0</subfield>
    <subfield code="o">494.3</subfield>
    <subfield code="p">C02399</subfield>
    <subfield code="r">2018-02-13 00:00:00</subfield>
    <subfield code="w">2018-02-13</subfield>
    <subfield code="y">BOOK</subfield>
  </datafield>
</record>
